Characterization of irradiation cell dose rates at the Nuclear Science Center /

Bibliographic Details
Main Author: Jeffords, Eugene Lamarr, 1952-
Format: Thesis eBook
Language:English
Published: [Place of publication not identified] : [publisher not identified] ; 1987.
Subjects:
Online Access:Link to OAKTrust copy

MARC

Tag First Indicator Second Indicator Subfields
LEADER 00000cam a2200000 a 4500
001 in00000020679
005 20220103134632.0
007 cr unu a
008 880718s1987 xx a b 00010 eng d
035 |9 AAB3634AM 
035 |a (OCoLC)18230780 
040 |a TXA  |c TXA  |d UtOrBLW 
043 |a n-us-tx 
049 |a TXAZ [Also in] [Archives]  |c 1 [A10994151], 2 [A10994208] 
099 |a 1987  |a Thesis  |a J45 
100 1 |a Jeffords, Eugene Lamarr,  |d 1952- 
245 1 0 |a Characterization of irradiation cell dose rates at the Nuclear Science Center /  |c by Eugene Lamarr Jeffords. 
264 1 |a [Place of publication not identified] :  |b [publisher not identified] ;  |c 1987. 
300 |a xii, 105 leaves :  |b illustrations ;  |c 29 cm. 
336 |a text  |b txt  |2 rdacontent 
337 |a computer  |b c  |2 rdamedia 
338 |a online resource  |b cr  |2 rdacarrier 
500 |a "Major subject: Nuclear Engineering." 
500 |a Typescript (photocopy). 
500 |a Vita. 
502 |b M.S.  |c Texas A&M University  |d 1987. 
504 |a Bibliography: leaves 97-98. 
530 |a Also available online. 
610 2 0 |a Texas A & M University.  |b Nuclear Science Center. 
650 0 |a Radiation dosimetry. 
650 0 |a Thermoluminescence dosimetry. 
650 4 |a Major nuclear engineering. 
856 4 1 |u https://hdl.handle.net/1969.1/ETD-TAMU-1987-THESIS-J45  |z Link to OAKTrust copy  |t 0 
999 |a MARS 
999 f f |s 1be5861c-d5b3-356a-8260-59f61fbe047b  |i 391b4132-9611-3038-b7f4-8623489ab5ba  |t 0 
952 f f |p noncirc  |a Texas A&M University  |b J.J. Pickle Campus  |c High Density Repository  |s HDR  |d Remote Storage  |t 0  |e 1987 Thesis J45  |h Other scheme  |i computer -- online resource  |m A14839626660 
952 f f |a Texas A&M University  |b College Station  |c Electronic Resources  |s www_evans  |d Available Online  |t 0  |e 1987 Thesis J45  |h Other scheme 
998 f f |a 1987 Thesis J45  |t 0  |l Remote Storage 
998 f f |a 1987 Thesis J45  |t 0  |l Available Online